Datum a čas kvízu
29
Celkem bodů
Celkový počet nahraných bodů na tomto kvízu bez doplňovacích otázek.
1.
Pořadí na kvízu
Konečné umístění týmu na tomto kvízu.
Zaznamenané odpovědi
| # | Otázka | Odpověď | Body | Výsledky |
|---|---|---|---|---|
| 1. | Bývalý politik, který v součas... | 1 | ||
| 2. | Zakladatel a generální ředitel... | 1 | ||
| 3. | Britská televize Channel 4 min... | 0 | ||
| 4. | V průzkumu britského magazínu... | 1 | ||
| 5. | Brankář třetiligového Burtonu... | 0 | ||
| 6. | Mezinárodní vesmírná stanice (... | 0 | ||
| 7. | V předchozí otázce bylo řečeno... | 1 | ||
| 8. | Standardní denní program posád... | 1 | ||
| 9. | Jak se jmenuje ruská kosmická... | 1 | ||
| 10. | První espresso kávovar, určený... | 0 |